Energy and analytics : (Record no. 599549)

000 -LEADER
fixed length control field 00276nam a2200109Ia 4500
008 - FIXED-LENGTH DATA ELEMENTS--GENERAL INFORMATION
fixed length control field 230907s9999||||xx |||||||||||||| ||und||
082 ## - DEWEY DECIMAL CLASSIFICATION NUMBER
Classification number 696.028557
Author Mark MCG
100 ## - MAIN ENTRY--PERSONAL NAME
Personal name McGowan, John J.,
9 (RLIN) 115786
245 #0 - TITLE STATEMENT
Title Energy and analytics :
300 ## - PHYSICAL DESCRIPTION
Extent xvii, 355 pages ;
942 ## - ADDED ENTRY ELEMENTS (KOHA)
Koha item type Book
Holdings
Withdrawn status Lost status Damaged status Not for loan Permanent Location Current Location Date acquired Total Checkouts Full call number Barcode Date last seen Price effective from Koha item type
        US-Pakistan Center for Advanced Studies in Energy (USPCAS-E) US-Pakistan Center for Advanced Studies in Energy (USPCAS-E) 10/07/2019   696.028557 MCG CAS-E0003648 09/12/2023 09/12/2023 Book
© 2023 Central Library, National University of Sciences and Technology. All Rights Reserved.